| 000 | 00402nam a22001337a 4500 | ||
|---|---|---|---|
| 020 | _a978-81-89975-18-0 | ||
| 082 |
_a823 _bCAN/C |
||
| 100 | _aJACK CANFIELD, MARK VICTOR HANSEN, DOROTHY FIRMAN, JULIE FIRMAN, FRANCES FIRMAN SALORIO | ||
| 245 | _aCHICKEN SOUP FOR THE SOUL | ||
| 260 |
_aINDIA _bWESTLAND LTD _c2007 |
||
| 300 | _a302 | ||
| 650 |
_aCELEBRATING MOTHERS AND DAUGHTERS _zUNITED STATES |
||
| 942 | _cBK | ||
| 999 |
_c15 _d15 |
||